[Event "R2N1 Albi 3 - Ramonville 2"]
[Site "?"]
[Date "2003.11.16"]
[Round "1.3"]
[White "Lopez Michelone, Manuel"]
[Black "Bedos, Ophélie"]
[Result "1-0"]
[WhiteElo "1320"]
[BlackElo "1180"]
[EventDate "2003.??.??"]
[PlyCount "45"]

1.d4 d5 2.Nf3 g6 3.Nbd2 Bg7 4.e3 Nf6 5.Bd3 Bg4 6.O-O O-O 7.h3 Bxf3 8.Qxf3 
Nbd7 9.c3 e5 10.e4 dxe4 11.Nxe4 Nxe4 12.Bxe4 Nf6 13.Bg5 Qe8 14.Bxb7 Rb8 
15.Rfe1 h6 16.Rxe5 Qxe5 17.dxe5 Nd7 18.Bf6 Bxf6 19.exf6 Nc5 20.Bc6 Rxb2 
21.Re1 Rd8 22.Re8+ Rxe8 23.Bxe8 1-0

[Event "R2N1 Albi 3 - Ramonville 2"]
[Site "?"]
[Date "2003.11.16"]
[Round "1.2"]
[White "Tramon, Victor"]
[Black "Claude, Michel"]
[Result "0-1"]
[WhiteElo "1340"]
[BlackElo "1380"]
[EventDate "2003.??.??"]
[PlyCount "42"]

1.d4 d5 2.Nf3 Nc6 3.Nc3 Nf6 4.e3 g6 5.Bd3 Bg7 6.h3 O-O 7.O-O Re8 8.Re1 h6 
9.e4 e5 10.Bb5 Be6 11.dxe5 Nxe4 12.Nxe4 dxe4 13.Qxd8 Rexd8 14.Rxe4 Rd1+ 
15.Ne1 Bd5 16.Re3 Nxe5 17.Be2 Rxe1+ 18.Kh2 Rd8 19.c4 Bc6 20.a4 g5 21.Raa3 
Rxc1 0-1

[Event "R2N1 Albi 3 - Ramonville 2"]
[Site "?"]
[Date "2003.11.16"]
[Round "1.1"]
[White "Rouvière, Thomas"]
[Black "Bouet, Jean-Yves"]
[Result "0-1"]
[WhiteElo "1670"]
[BlackElo "1499"]
[EventDate "2003.??.??"]
[PlyCount "56"]

1.e4 e6 2.d4 d5 3.e5 c5 4.c3 Nc6 5.Nf3 Qb6 6.a3 c4 7.g3 Be7 8.Bg2 f6 9.
exf6 Bxf6 10.Bf4 Nge7 11.Qe2 O-O 12.Bg5 Bd7 13.Ne5 Nxe5 14.Bxf6 Nd3+ 15.
Kd1 Rxf6 16.f4 Qb3+ 17.Qc2 Nf2+ 18.Kc1 Qxc2+ 19.Kxc2 Nxh1 20.Bxh1 Nf5 21.
Kd2 Rh6 22.Ke1 Rxh2 23.Bf3 Nxg3 24.Nd2 Rf8 25.Kd1 Rxf4 26.Kc2 Rxf3 27.Re1 
Rd3 28.Rd1 Ba4+ 0-1

[Event "R2C1 Castel/Moissac 3 - Condom 3"]
[Site "Castelsarrasin"]
[Date "2003.11.16"]
[Round "1.4"]
[White "Berthelot, Nathan"]
[Black "Castro, Olivier"]
[Result "0-1"]
[WhiteElo "1099"]
[BlackElo "1330"]
[EventDate "2003.??.??"]
[PlyCount "66"]

1.e4 e5 2.Nf3 Nc6 3.Bb5 Qf6 4.O-O a6 5.Ba4 b5 6.Bb3 d6 7.Nc3 Bg4 8.Nd5 Qd8
9.d3 Nd4 10.h3 Bxf3 11.gxf3 Nxb3 12.axb3 Ne7 13.h4 Nxd5 14.exd5 Qxh4 15.
Kg2 Qd4 16.c3 Qxd5 17.Be3 Be7 18.Rg1 c5 19.Kf1 O-O 20.Bh6 Bf6 21.c4 Qe6 
22.cxb5 Qh3+ 23.Ke1 Qxh6 24.bxa6 e4 25.dxe4 Bxb2 26.Ra2 Bc3+ 27.Ke2 f5 28.
e5 Bxe5 29.Qd5+ Kh8 30.Qb7 Bc3 31.a7 Rfe8+ 32.Kf1 Qh3+ 33.Rg2 Re1# 0-1

[Event "R2-MIP 2003/04"]
[Site "L'Union"]
[Date "2003.11.16"]
[Round "1.4"]
[White "RAULIN, Dimitri"]
[Black "NOUVEL, Denis"]
[Result "0-1"]
[WhiteElo "1399"]
[BlackElo "1530"]
[EventDate "2003.??.??"]
[PlyCount "92"]

1.e4 e5 2.Nf3 Nc6 3.d4 exd4 4.Nxd4 Bc5 5.Be3 Qf6 6.c3 Nge7 7.Bc4 d6 8.O-O 
O-O 9.Qc2 Ne5 10.Nd2 c6 11.f4 Ng4 12.Qd3 Be6 13.Bxe6 fxe6 14.h3 Nxe3 15.
Qxe3 Ng6 16.f5 e5 17.N2b3 Bb6 18.fxg6 Qxg6 19.Kh2 exd4 20.cxd4 Rae8 21.
Rxf8+ Rxf8 22.e5 Re8 23.Qf4 dxe5 24.dxe5 Bc7 25.Re1 Qe6 26.Kg1 Bxe5 27.Qe3
Bh2+ 28.Kf2 Bg1+ 29.Kxg1 Qxe3+ 30.Rxe3 Rxe3 31.Kf1 Re5 32.Nd2 Kf7 33.Kf2 
Ke6 34.Kf3 Kd5 35.g3 b5 36.h4 h5 37.Kf2 a5 38.Nf3 Rf5 39.Ke2 c5 40.Nd2 c4 
41.b3 Re5+ 42.Kf2 cxb3 43.Nxb3 a4 44.Na5 Kc5 45.Nb7+ Kb4 46.Nd6 Ka3 0-1

[Event "R2-MIP 2003/04"]
[Site "L'Union"]
[Date "2003.11.16"]
[Round "1.3"]
[White "ROUQUAL, Guy"]
[Black "SCHAWLB, Boris"]
[Result "1-0"]
[WhiteElo "1520"]
[BlackElo "1399"]
[EventDate "2003.??.??"]
[PlyCount "81"]

1.e4 c5 2.Nc3 d6 3.f4 Nc6 4.Nf3 g6 5.Bc4 Bg7 6.Ng5 e6 7.Ne2 Nge7 8.O-O O-O
9.c3 d5 10.Bd3 c4 11.Bc2 b5 12.d3 b4 13.d4 Qb6 14.Kh1 a5 15.Ng3 Rb8 16.f5 
exf5 17.exf5 Bxf5 18.Nxf5 gxf5 19.Qh5 h6 20.Nh3 b3 21.axb3 cxb3 22.Bd3 
Rbe8 23.Bxh6 Kh7 24.Ng5+ Kg8 25.Bxg7 Kxg7 26.Qh7+ Kf6 27.Qh6+ Ng6 28.Rxf5+
Ke7 29.Re1+ Kd8 30.Rxd5+ Kc8 31.Qh3+ Kb7 32.Rxe8 Rxe8 33.Qd7+ Qc7 34.Qxe8 
Qf4 35.Rb5+ Kc7 36.Qxf7+ Qxf7 37.Nxf7 a4 38.Bxg6 Kd7 39.Ne5+ Nxe5 40.Rxe5 
Kd6 41.Be8 1-0

[Event "R2-MIP 2003/04"]
[Site "L'Union"]
[Date "2003.11.16"]
[Round "1.2"]
[White "IVANOFF, Dimitri"]
[Black "DELMAS, Jean"]
[Result "0-1"]
[WhiteElo "1440"]
[BlackElo "1630"]
[EventDate "2003.??.??"]
[PlyCount "66"]

1.d4 Nf6 2.e3 g6 3.Nf3 Bg7 4.Bc4 O-O 5.Nbd2 d6 6.c3 Nc6 7.Qc2 a6 8.a3 d5 
9.Ba2 Bf5 10.Qd1 Re8 11.O-O e5 12.g3 e4 13.Nh4 Bg4 14.f3 exf3 15.Ndxf3 Ne4
16.Qd3 b5 17.Bb3 Na5 18.Bd1 Nc4 19.b3 Ncd6 20.Ng2 Bf5 21.Re1 Nxg3 22.Qd2 
Nge4 23.Qb2 c5 24.Bc2 c4 25.b4 g5 26.Rf1 Bh3 27.Bxe4 Nxe4 28.Nd2 Qd7 29.
Nxe4 Rxe4 30.Qf2 Rg4 31.Qf5 Rxg2+ 32.Kh1 Bxf5 33.Kxg2 Bh3+ 0-1

[Event "R2-MIP 2003/04"]
[Site "L'Union"]
[Date "2003.11.16"]
[Round "1.1"]
[White "SALVIGNAC, Remy"]
[Black "EYMOND, Jean"]
[Result "1-0"]
[WhiteElo "1590"]
[BlackElo "1430"]
[EventDate "2003.??.??"]
[PlyCount "75"]

1.d4 d5 2.Nf3 Nf6 3.Bf4 e6 4.h3 Bd6 5.Bxd6 Qxd6 6.e3 Qb4+ 7.Nbd2 Qxb2 8.
Bd3 Qb4 9.O-O h5 10.Nb3 O-O 11.Nc5 Qb6 12.Rb1 Qd6 13.Nxb7 Bxb7 14.Rxb7 Nc6
15.c3 Ne4 16.Qc2 Na5 17.Rb2 f5 18.Ne5 a6 19.c4 dxc4 20.Bxc4 Nxc4 21.Qxc4 
c5 22.f3 Rab8 23.Rc2 Rb4 24.Qd3 Nf6 25.Rxc5 Qb6 26.Rc6 Qb5 27.Rxa6 Qd5 28.
Rc1 Qb7 29.Rxe6 Nd5 30.Rec6 Rb2 31.Qc4 Rd8 32.e4 fxe4 33.fxe4 Rb4 34.Qa6 
Ra8 35.Qxa8+ Qxa8 36.Rc8+ Qxc8 37.Rxc8+ Kh7 38.exd5 1-0

[Event "R1D2 Luchon 1 - Vic-de-Bigorre"]
[Site "?"]
[Date "2003.11.16"]
[Round "2.6"]
[White "Reignier-Primet, Franck"]
[Black "Pignero, Guillaume"]
[Result "1-0"]
[WhiteElo "1110"]
[BlackElo "1220"]
[EventDate "2003.??.??"]
[PlyCount "73"]

1.d4 d5 2.c4 e6 3.Nf3 g6 4.g3 Bg7 5.Bg2 Nf6 6.O-O O-O 7.Bg5 b6 8.Qd2 Nbd7 
9.Na3 Ba6 10.b3 Qe7 11.Nb5 Bxb5 12.cxb5 Qd6 13.Qf4 Qxf4 14.Bxf4 Rfc8 15.
Rac1 Ne8 16.a4 Nb8 17.Rc2 c5 18.bxc6 Nxc6 19.Rfc1 Nf6 20.Rxc6 Rxc6 21.Rxc6
Ne4 22.Ne5 g5 23.Bc1 Re8 24.Bf3 f6 25.Bh5 Rd8 26.Bf7+ Kh8 27.Nd7 h6 28.
Bxe6 h5 29.f3 h4 30.fxe4 dxe4 31.Rc7 Re8 32.d5 f5 33.Bxg5 Bd4+ 34.Kf1 hxg3
35.Bf6+ Bxf6 36.Nxf6 gxh2 37.Rh7# 1-0

[Event "R1D2 Luchon 1 - Vic-de-Bigorre"]
[Site "?"]
[Date "2003.11.16"]
[Round "2.5"]
[White "Lloveras, Jean-Jacques"]
[Black "Labat, Jory"]
[Result "1-0"]
[WhiteElo "1560"]
[BlackElo "1240"]
[EventDate "2003.??.??"]
[PlyCount "91"]

1.e4 e5 2.Nf3 Nc6 3.Bb5 d6 4.Bxc6+ bxc6 5.O-O Nf6 6.d3 d5 7.Bg5 dxe4 8.
dxe4 Qe7 9.Nbd2 h6 10.Bh4 g5 11.Bg3 Nd7 12.Nc4 Bg7 13.Qd2 Ba6 14.b3 Bxc4 
15.bxc4 O-O 16.Qe3 f5 17.exf5 Rxf5 18.Rab1 Nb6 19.Qe4 Qe6 20.Nd4 Qxc4 21.
Qxf5 Qxd4 22.Rfd1 Qc5 23.Rb3 Na4 24.Qe6+ Kh7 25.c4 Qa5 26.h3 Nc3 27.Re1 
Nxa2 28.Rbb1 Nc3 29.Ra1 Qb4 30.Bxe5 Bxe5 31.Qf5+ Kg8 32.Qxe5 Qxc4 33.Rac1 
Qf7 34.Rxc3 Re8 35.Qxe8+ Qxe8 36.Rxe8+ Kf7 37.Rc8 Ke6 38.Rxc6+ Kd5 39.
R6xc7 h5 40.Rd8+ Ke6 41.f3 Kf6 42.Re8 a5 43.Rc6+ Kf5 44.Rc5+ Kf4 45.Kf2 g4
46.Re4# 1-0

[Event "R1D2 Luchon 1 - Vic-de-Bigorre"]
[Site "?"]
[Date "2003.11.16"]
[Round "2.4"]
[White "Susini, Yannick"]
[Black "Miquel, Pierre"]
[Result "1/2-1/2"]
[WhiteElo "1200"]
[BlackElo "1499"]
[EventDate "2003.??.??"]
[PlyCount "64"]

1.e4 e5 2.Nf3 Nc6 3.Bb5 d6 4.d3 Bg4 5.h3 Bxf3 6.Qxf3 a6 7.Ba4 Be7 8.O-O 
Nf6 9.Nc3 O-O 10.Qg3 Nh5 11.Qf3 Nf6 12.Re1 Nd4 13.Qg3 Kh8 14.Nd5 Nxd5 15.
exd5 Bh4 16.Qg4 f5 17.Qh5 f4 18.c3 Nf5 19.d4 Qf6 20.dxe5 dxe5 21.Bc2 g6 
22.Qg4 h5 23.Qe2 Rfe8 24.Bxf5 Qxf5 25.Qe4 Qf7 26.c4 Rad8 27.b3 Bf6 28.Ba3 
Rd7 29.Rad1 Red8 30.Bb2 Re8 31.Rd2 Kg7 32.Red1 Qe7 1/2-1/2

[Event "R1D2 Luchon 1 - Vic-de-Bigorre"]
[Site "?"]
[Date "2003.11.16"]
[Round "2.3"]
[White "Lefauqueur, Alain"]
[Black "Thimonier, Victor"]
[Result "0-1"]
[WhiteElo "1520"]
[BlackElo "1400"]
[EventDate "2003.??.??"]
[PlyCount "108"]

1.e4 e6 2.Nf3 d5 3.exd5 exd5 4.d4 Nf6 5.Nc3 Bd6 6.Bg5 Be6 7.Ne5 c5 8.Bb5+ 
Kf8 9.Qf3 cxd4 10.Bxf6 gxf6 11.Nxf7 Qe7 12.O-O Qxf7 13.Ne2 Rg8 14.h3 Be5 
15.Rad1 d3 16.Rxd3 Bxb2 17.Rb1 Be5 18.c3 a6 19.Ba4 b5 20.Bc2 Nc6 21.a4 Qg6
22.Kf1 Bf5 23.axb5 axb5 24.Qxd5 Be4 25.Qc5+ Ne7 26.g3 Bxd3 27.Bxd3 Qxd3 
28.Qxb5 Qxb5 29.Rxb5 Ra1+ 30.Kg2 Re1 31.Kf3 Kf7 32.c4 Rc8 33.h4 Rxc4 34.g4
Rc2 35.Ng3 Bxg3 36.Kxg3 Ree2 37.f3 Re5 38.Rb4 Nd5 39.Rb7+ Re7 40.Rb5 Ne3 
41.Kf4 Ng2+ 42.Kg3 Ne1 43.Rf5 Kg6 44.Rd5 h6 45.h5+ Kf7 46.Rd4 Rc3 47.g5 
Rxf3+ 48.Kg4 fxg5 49.Rc4 Re5 50.Rc7+ Ke6 51.Rc4 Rd3 52.Ra4 Nf3 53.Ra2 Nh2+
54.Rxh2 Re4# 0-1

[Event "R1D2 Luchon 1 - Vic-de-Bigorre"]
[Site "?"]
[Date "2003.11.16"]
[Round "2.2"]
[White "Prieur, Axel"]
[Black "Durand, Christian"]
[Result "0-1"]
[WhiteElo "1550"]
[BlackElo "1499"]
[EventDate "2003.??.??"]
[PlyCount "132"]

1.e4 e5 2.Nf3 Nc6 3.Bb5 Nge7 4.d3 a6 5.Ba4 d6 6.O-O Be6 7.Ng5 Qd7 8.f4 g6 
9.Qf3 Bg4 10.Qf2 f5 11.fxe5 dxe5 12.Bb3 Nd8 13.Qh4 Nec6 14.h3 Bh5 15.g4 
fxg4 16.Bf7+ Nxf7 17.Nxf7 Rg8 18.Bh6 Bxh6 19.Nxh6 Rg7 20.Nxg4 Bxg4 21.hxg4
Qe7 22.Qf2 O-O-O 23.Nc3 Qe6 24.Qf3 Nd4 25.Qg2 Qb6 26.Na4 Ne2+ 27.Kh1 Qc6 
28.Qxe2 Qxa4 29.b3 Qd7 30.a4 Rf7 31.Rxf7 Qxf7 32.Rf1 Qe7 33.Qh2 Rh8 34.Kg2
h5 35.Qh3 Qg5 36.Rf3 Kd8 37.Qg3 h4 38.Qh3 Ke7 39.Kh2 Rf8 40.Qg2 Rxf3 41.
Qxf3 Qd2+ 42.Qg2 Qf4+ 43.Kh3 g5 44.Qg1 Qf3+ 45.Kh2 h3 46.Qc5+ Ke6 47.Qd5+ 
Kf6 48.Qd8+ Ke6 49.Qc8+ Kd6 50.Qd8+ Kc6 51.Qd5+ Kb6 52.a5+ Ka7 53.Qc5+ Kb8
54.Qg1 Qf4+ 55.Kxh3 Qf3+ 56.Qg3 Qf4 57.c3 Kc8 58.d4 exd4 59.cxd4 Qxe4 60.
Qe5 Qxe5 61.dxe5 Kd7 62.Kg3 Ke6 63.Kf3 Kxe5 64.Ke3 Kd5 65.Kd3 b5 66.b4 c6 
0-1

[Event "R1D2 Luchon 1 - Vic-de-Bigorre"]
[Site "?"]
[Date "2003.11.16"]
[Round "2.1"]
[White "Moreau, Philippe"]
[Black "Lavole, Olivier"]
[Result "1-0"]
[WhiteElo "1670"]
[BlackElo "1600"]
[EventDate "2003.??.??"]
[PlyCount "43"]

1.e4 c5 2.b4 cxb4 3.d4 e6 4.Nf3 Nf6 5.Bd3 d5 6.e5 Nfd7 7.O-O Nc6 8.Re1 Be7
9.Bf4 g5 10.Bc1 g4 11.Nfd2 h5 12.Nb3 a5 13.a4 b6 14.f3 Rg8 15.fxg4 Rxg4 
16.Be2 Rh4 17.Bxh5 Bg5 18.Qf3 Rxh5 19.Qxh5 Be7 20.Rf1 Nf8 21.Bg5 Ng6 22.
Qh7 1-0

[Event "R1D2 Loures-Barousse 1 - Muret 2"]
[Site "?"]
[Date "2003.11.16"]
[Round "2.6"]
[White "Sylvain, Christophe"]
[Black "Cordier, Michel"]
[Result "1-0"]
[WhiteElo "1520"]
[BlackElo "1450"]
[EventDate "2003.??.??"]
[PlyCount "83"]

1.c4 Nf6 2.g3 c6 3.Bg2 e6 4.Nc3 d5 5.cxd5 exd5 6.d4 Be6 7.Bg5 Nbd7 8.e3 
Bb4 9.Ne2 h6 10.Bxf6 Nxf6 11.Qb3 Bxc3+ 12.bxc3 Qc8 13.O-O O-O 14.Rac1 Qd7 
15.Rb1 Rfb8 16.f3 Bh3 17.Nf4 Bxg2 18.Kxg2 b6 19.Nd3 Qd6 20.Qb4 Qc7 21.Ne5 
a5 22.Qa3 c5 23.Rfc1 c4 24.Rb5 Rb7 25.Re1 Rd8 26.e4 Qd6 27.Qa4 Qc7 28.Rb2 
Rd6 29.exd5 Rxd5 30.Rb5 Rd8 31.Nxc4 Nd5 32.Qb3 f6 33.Nxa5 Qxc3 34.Qxc3 
Nxc3 35.Nxb7 Rxd4 36.Rxb6 Nxa2 37.Nc5 Nc3 38.Ne6 Rd7 39.Nf4 Nd5 40.Rb8+ 
Kf7 41.Ne6 Kg6 42.Nf8+ 1-0

[Event "R1D2 Loures-Barousse 1 - Muret 2"]
[Site "?"]
[Date "2003.11.16"]
[Round "2.5"]
[White "Durand, Stéphane"]
[Black "Spanoudakis, Serge"]
[Result "0-1"]
[WhiteElo "1550"]
[BlackElo "1480"]
[EventDate "2003.??.??"]
[PlyCount "60"]

1.e4 Nf6 2.Nc3 d5 3.e5 Ne4 4.Nxe4 dxe4 5.d3 Nc6 6.Bf4 Bf5 7.f3 exd3 8.Bxd3
Bxd3 9.cxd3 e6 10.Ne2 Bb4+ 11.Kf1 Bc5 12.Qb3 Bb6 13.Rd1 Nd4 14.Qa4+ c6 15.
Nc3 O-O 16.Ne4 Qd5 17.Qa3 Nb5 18.Qe7 Qxa2 19.Qxb7 Qxb2 20.Qxc6 Rac8 21.Qd7
Rc7 22.Qxc7 Nxc7 23.Nd2 Qd4 24.Ne4 Nd5 25.g3 f5 26.exf6 Nxf6 27.Kg2 Nxe4 
28.dxe4 Qf2+ 29.Kh3 Qxf3 30.Rhe1 Rxf4 0-1

[Event "R1D2 Loures-Barousse 1 - Muret 2"]
[Site "?"]
[Date "2003.11.16"]
[Round "2.4"]
[White "Flourac, Jean-Paul"]
[Black "Ponsolle, René"]
[Result "1-0"]
[WhiteElo "1680"]
[BlackElo "1510"]
[EventDate "2003.??.??"]
[PlyCount "83"]

1.d4 d5 2.e4 dxe4 3.Nc3 Nf6 4.f3 exf3 5.Nxf3 e6 6.Bg5 Be7 7.Bd3 h6 8.Bf4 
c6 9.O-O Nd5 10.Nxd5 exd5 11.Ne5 Be6 12.Qe2 Nd7 13.Ng6 Rg8 14.Nxe7 Qxe7 
15.Rae1 O-O-O 16.a3 Rde8 17.c4 g5 18.Bg3 Qd8 19.Qc2 dxc4 20.Bxc4 Bxc4 21.
Qxc4 Rxe1 22.Rxe1 Nb6 23.Qxf7 Rf8 24.Qe6+ Qd7 25.Qe5 Kd8 26.d5 Nc4 27.Qb8+
Qc8 28.Qxa7 cxd5 29.Qd4 Qc6 30.b3 Nb6 31.h3 Nc8 32.Qb4 Rf7 33.Kh1 Kd7 34.
Qd2 Re7 35.Rc1 Re2 36.Qd1 Qe6 37.Rc7+ Ke8 38.Rxc8+ Qxc8 39.Qxe2+ Kd7 40.
Qb5+ Qc6 41.Qd3 Qc1+ 42.Kh2 1-0

[Event "R1D2 Loures-Barousse 1 - Muret 2"]
[Site "?"]
[Date "2003.11.16"]
[Round "2.3"]
[White "Condeminas, Christian"]
[Black "Fora, Jean-Paul"]
[Result "1-0"]
[WhiteElo "1570"]
[BlackElo "1630"]
[EventDate "2003.??.??"]
[PlyCount "87"]

1.e4 c6 2.d4 d5 3.exd5 cxd5 4.c4 Nf6 5.c5 e6 6.Nf3 Be7 7.Bb5+ Bd7 8.Qb3 
Bxb5 9.Qxb5+ Qd7 10.Nc3 O-O 11.Ne5 Qxb5 12.Nxb5 Nbd7 13.f4 Nxe5 14.fxe5 
Ne4 15.O-O f6 16.Nc7 Rac8 17.Nxe6 Rf7 18.exf6 Bxf6 19.Be3 Re8 20.Nf4 Nxc5 
21.Nxd5 Nd3 22.Nxf6+ gxf6 23.Rf3 Nxb2 24.Rg3+ Rg7 25.Rxg7+ Kxg7 26.Rb1 
Rxe3 27.Rxb2 Re7 28.Kf2 Kf7 29.Rb3 Ke6 30.Ke3 Kd5+ 31.Kd3 Rc7 32.Rb5+ Ke6 
33.g4 b6 34.a4 Rg7 35.h3 Rg5 36.Kc4 Kd6 37.Rxg5 fxg5 38.Kb5 Kc7 39.Ka6 Kc6
40.Kxa7 b5 41.d5+ Kxd5 42.axb5 Kc5 43.b6 Kc6 44.b7 1-0

[Event "R1D2 Loures-Barousse 1 - Muret 2"]
[Site "?"]
[Date "2003.11.16"]
[Round "2.2"]
[White "Rahal, Sami-Antoine"]
[Black "Ribou, Jacques"]
[Result "0-1"]
[WhiteElo "1620"]
[BlackElo "1840"]
[EventDate "2003.??.??"]
[PlyCount "106"]

1.d4 Nf6 2.Bf4 d5 3.e3 Bf5 4.Bd3 Bg6 5.Nf3 e6 6.c3 Bxd3 7.Qxd3 c6 8.Nbd2 
Be7 9.h3 Nbd7 10.Ne5 Nxe5 11.Bxe5 Qb6 12.O-O O-O 13.b4 Nd7 14.Bf4 a5 15.a3
axb4 16.axb4 f6 17.e4 Rfe8 18.exd5 Rxa1 19.Rxa1 exd5 20.Re1 Qd8 21.Qe2 Nf8
22.Nf3 Qd7 23.g4 Ng6 24.Bg3 Kf7 25.Nh4 Nxh4 26.Bxh4 Bd6 27.Qxe8+ Qxe8 28.
Rxe8 Kxe8 29.Kg2 Bf4 30.Bg3 Bd2 31.Bd6 Bxc3 32.Bc5 Kd7 33.Kf3 Kc7 34.Ke3 
b6 35.Be7 Kd7 36.Bf8 g6 37.Kd3 Bb2 38.Ke3 Bc1+ 39.Kd3 Bf4 40.Kc3 Ke6 41.b5
cxb5 42.Bb4 h5 43.Ba3 hxg4 44.hxg4 f5 45.f3 fxg4 46.fxg4 Kf6 47.Bb2 Kg5 
48.Kb4 Kxg4 49.Kxb5 Kf3 50.Kc6 Ke4 51.Kxb6 Be3 52.Kc5 g5 53.Bc3 Bf2 0-1

[Event "R1D2 Loures-Barousse 1 - Muret 2"]
[Site "?"]
[Date "2003.11.16"]
[Round "2.1"]
[White "Oriot, Patrice"]
[Black "Luneau, Gilles"]
[Result "1-0"]
[WhiteElo "2010"]
[BlackElo "1991"]
[EventDate "2003.??.??"]
[PlyCount "115"]

1.e4 c5 2.Nc3 Nc6 3.f4 g6 4.Nf3 Bg7 5.Bc4 e6 6.f5 a6 7.fxe6 dxe6 8.a4 Nge7
9.d3 Qc7 10.O-O O-O 11.Qe1 Nd4 12.Nxd4 cxd4 13.Ne2 Nc6 14.Bd2 a5 15.Nf4 
Ne5 16.Bb3 b6 17.Qh4 Qd8 18.Qg3 Ra7 19.Nh3 Nc6 20.Bf4 e5 21.Bg5 Qd6 22.Qh4
Be6 23.Bxe6 Qxe6 24.Bf6 h6 25.Bg5 h5 26.Nf2 f6 27.Bd2 Qe8 28.g4 g5 29.Qxh5
Qxh5 30.gxh5 Nd8 31.Ra3 Rff7 32.Rb3 Rab7 33.Nh1 Ne6 34.Ng3 Nf4 35.Nf5 Bf8 
36.h4 Nxh5 37.hxg5 Kh7 38.gxf6 Rxf6 39.Bxa5 Rg6+ 40.Kh2 Bc5 41.Bd2 Kh8 42.
Rf3 Rh7 43.Rh3 Kg8 44.a5 Nf6 45.Rxh7 Kxh7 46.a6 Rg8 47.Rb5 Ng4+ 48.Kh3 
Nf2+ 49.Kh4 Nd1 50.b4 Bf8 51.Rxb6 Ne3 52.Rb7+ Kh8 53.Nxe3 dxe3 54.Bxe3 Rg2
55.a7 Rxc2 56.a8=R Kg8 57.Bc5 Rh2+ 58.Kg3 1-0

[Event "R1C2 Foix - CEIT 2"]
[Site "?"]
[Date "2003.11.16"]
[Round "2.6"]
[White "Arnould, Françoise"]
[Black "Maugé, Christian"]
[Result "0-1"]
[WhiteElo "1240"]
[BlackElo "1499"]
[EventDate "2003.??.??"]
[PlyCount "56"]

1.d4 b6 2.Nf3 e6 3.g3 Nf6 4.Nc3 Ba6 5.Bg2 Bb4 6.Ne5 Bxc3+ 7.bxc3 d5 8.f3 
Nfd7 9.Nd3 O-O 10.f4 c6 11.e4 Nf6 12.exd5 Nxd5 13.Bd2 Re8 14.O-O Nd7 15.
Nb4 Bxf1 16.Qxf1 Qc8 17.Qc4 b5 18.Qxc6 Qxc6 19.Nxc6 N7b6 20.Na5 Rac8 21.a3
Nxc3 22.Nb7 Red8 23.Nxd8 Ne2+ 24.Kf2 Nxd4 25.Nb7 Rxc2 26.Ke1 Rxd2 27.Bf1 
Rxh2 28.Rd1 Nc2# 0-1

[Event "R1C2 Foix - CEIT 2"]
[Site "?"]
[Date "2003.11.16"]
[Round "2.5"]
[White "Verwaerde, Hervé"]
[Black "Lenoir, Patrice"]
[Result "1/2-1/2"]
[WhiteElo "1620"]
[BlackElo "1510"]
[EventDate "2003.??.??"]
[PlyCount "81"]

1.e4 c5 2.f4 e6 3.Nf3 Nc6 4.Nc3 a6 5.d3 d5 6.e5 Nge7 7.b3 b5 8.Bb2 Qb6 9.
Qd2 g6 10.g3 Bg7 11.Bg2 Bb7 12.Qf2 Qa7 13.O-O O-O 14.h4 h5 15.Bh3 Nb8 16.
Ng5 Bc6 17.Rae1 Nd7 18.g4 hxg4 19.Bxg4 Nf5 20.Bxf5 gxf5 21.Kh2 d4 22.Ne2 
Nb6 23.Rg1 Kh8 24.Nh3 Rg8 25.Rg5 Bh6 26.Rxg8+ Rxg8 27.Ng5 Bxg5 28.hxg5 Rg7
29.c3 Rh7+ 30.Kg3 dxc3 31.Qxc5 Kg7 32.Bxc3 Bd5 33.Ba5 Nc8 34.Qxa7 Nxa7 35.
Rc1 Nc6 36.Bd2 Rh8 37.d4 b4 38.Be3 Rc8 39.Rc5 Ne7 40.Rxc8 Nxc8 41.Kf2 
1/2-1/2

[Event "R1C2 Foix - CEIT 2"]
[Site "?"]
[Date "2003.11.16"]
[Round "2.4"]
[White "Laffont, Jean-Christophe"]
[Black "Evrard, Emmanuel"]
[Result "0-1"]
[WhiteElo "1550"]
[BlackElo "1610"]
[EventDate "2003.??.??"]
[PlyCount "126"]

1.d4 d5 2.e3 Nf6 3.c4 e6 4.Nf3 b6 5.a3 Be7 6.Bd3 O-O 7.O-O dxc4 8.Bxc4 Bb7
9.Nbd2 c5 10.dxc5 Bxc5 11.b4 Bd6 12.Bb2 Nbd7 13.Qb3 Qe7 14.Rfe1 a5 15.e4 
a4 16.Qd3 Bf4 17.Rad1 Rfd8 18.Qb1 Bc6 19.e5 Nd5 20.Ne4 b5 21.Ba2 Nf8 22.g3
Bh6 23.Nd4 Bd7 24.Nd6 Rab8 25.Qe4 Nc7 26.Bc1 Bxc1 27.Rxc1 Ne8 28.Nxe8 Qxe8
29.Nc6 Bxc6 30.Rxc6 Rd2 31.Rc2 Qd7 32.Re2 Rxc2 33.Qxc2 Rc8 34.Qe4 Rc1+ 35.
Re1 Qd2 36.Rxc1 Qxc1+ 37.Kg2 Qxa3 38.Qb1 g6 39.Kg1 Qc3 40.Qe4 Nd7 41.Kg2 
Nxe5 42.Qa8+ Kg7 43.Qb7 Qc6+ 44.Qxc6 Nxc6 45.Kf1 Nxb4 46.Bb1 Nd5 47.Ke1 
Nc3 48.Bc2 b4 49.Kd2 h5 50.f4 Kf6 51.h4 a3 52.Bb3 Kf5 53.Ke3 a2 54.Bxa2 
Nxa2 55.Kd2 Kg4 56.Kc2 Kxg3 57.Kb3 Kxf4 58.Kxa2 e5 59.Kb3 Kf3 60.Kxb4 e4 
61.Kc3 Kf2 62.Kd2 e3+ 63.Kd1 e2+ 0-1

[Event "R1C2 Foix - CEIT 2"]
[Site "?"]
[Date "2003.11.16"]
[Round "2.3"]
[White "Bister, Stéphane"]
[Black "Pezou, Jean-Claude"]
[Result "1-0"]
[WhiteElo "1829"]
[BlackElo "1690"]
[EventDate "2003.??.??"]
[PlyCount "61"]

1.e4 e6 2.d4 d5 3.Nc3 dxe4 4.Nxe4 Nf6 5.Bd3 Nc6 6.Nf3 Be7 7.c3 h6 8.Be3 
Nxe4 9.Bxe4 Bd7 10.Qc2 f5 11.Bd3 Bf6 12.O-O-O Qe7 13.Bf4 O-O-O 14.Rhe1 g5 
15.Be5 g4 16.Bxf6 Qxf6 17.Ne5 Rhe8 18.g3 Nxe5 19.Rxe5 Bc6 20.Rde1 Rd6 21.
Bc4 Be4 22.Qa4 Re7 23.Qxa7 b6 24.Ba6+ Kd7 25.R1xe4 fxe4 26.Bb5+ Rc6 27.Qa8
Rf7 28.Qxc6+ Ke7 29.Bc4 Kf8 30.Qxe6 Kg7 31.Qxf7+ 1-0

[Event "R1C2 Foix - CEIT 2"]
[Site "?"]
[Date "2003.11.16"]
[Round "2.2"]
[White "Landes, René"]
[Black "Masot, Liberto"]
[Result "0-1"]
[WhiteElo "1690"]
[BlackElo "1760"]
[EventDate "2003.??.??"]
[PlyCount "69"]

1.e4 d5 2.exd5 Nf6 3.d4 Nxd5 4.Bc4 c6 5.Nf3 Bg4 6.h3 Bh5 7.Bd2 Nd7 8.Nc3 
N7f6 9.a3 e6 10.g4 Bg6 11.Bb3 Bd6 12.Qe2 Nf4 13.Bxf4 Bxf4 14.O-O h5 15.Nh4
Bh7 16.Nf5 O-O 17.Ne3 hxg4 18.Nxg4 Bf5 19.Qf3 Bc7 20.Rad1 Nxg4 21.hxg4 Qh4
22.Qg2 Bxg4 23.Rd3 Rad8 24.Nd1 Be2 25.Rh3 Bxf1 26.Kxf1 Qxd4 27.Ne3 Bf4 28.
Qh1 Bh6 29.Qg2 Bxe3 30.Rxe3 Qh4 31.c3 Rd2 32.Rh3 Qf6 33.Qe4 g6 34.Rf3 Qg5 
35.Bxe6 0-1

[Event "R1C2 Foix - CEIT 2"]
[Site "?"]
[Date "2003.11.16"]
[Round "2.1"]
[White "Lanllier, Bruno"]
[Black "Delhom, Raoul"]
[Result "1-0"]
[WhiteElo "1920"]
[BlackElo "1750"]
[EventDate "2003.??.??"]
[PlyCount "47"]

1.d4 Nf6 2.c4 g6 3.Nc3 Bg7 4.e4 d6 5.h3 O-O 6.Nf3 e5 7.d5 Nbd7 8.Be3 Nh5 
9.Nd2 a6 10.Be2 Nf4 11.Rh2 Nxe2 12.Qxe2 f5 13.f3 Nf6 14.g4 f4 15.Bf2 h5 
16.O-O-O g5 17.gxh5 Nxh5 18.Rg1 Bf6 19.h4 Ng7 20.hxg5 Bxg5 21.Be1 Kf7 22.
Qg2 Bf6 23.Qg6+ Kg8 24.Rgh1 1-0

[Event "R1C2 CD Muret - Ramonville 1"]
[Site "?"]
[Date "2003.11.16"]
[Round "2.6"]
[White "Lezaud, Pascal"]
[Black "NN"]
[Result "0-1"]
[WhiteElo "1410"]
[BlackElo "1460"]
[EventDate "2003.??.??"]
[PlyCount "55"]

1.e4 c5 2.Nf3 Nc6 3.d4 e6 4.Nc3 g6 5.d5 Nb8 6.d6 Qb6 7.e5 Bg7 8.Be2 Nc6 9.
Nb5 Rb8 10.Bf4 a6 11.Nc7+ Kf8 12.Qc1 Qb4+ 13.c3 Qe4 14.Qe3 Qxe3 15.fxe3 b5
16.O-O h6 17.Bg3 g5 18.Rad1 f6 19.exf6 Nxf6 20.Ne5 Kg8 21.Ng6 Ng4 22.Ne7+ 
Nxe7 23.dxe7 Bb7 24.Rxd7 Nf6 25.Nxe6 Nxd7 26.Bxb8 Nxb8 27.e8=Q+ Kh7 28.
Bd3+ 0-1

[Event "R1C2 CD Muret - Ramonville 1"]
[Site "?"]
[Date "2003.11.16"]
[Round "2.5"]
[White "NN"]
[Black "Mary, Jean-François"]
[Result "1-0"]
[WhiteElo "1520"]
[BlackElo "1499"]
[EventDate "2003.??.??"]
[PlyCount "84"]

1.e4 e6 2.Nc3 d5 3.Nf3 d4 4.Ne2 c5 5.d3 Nc6 6.g3 Nf6 7.Bh3 Be7 8.O-O O-O 
9.Nf4 e5 10.Bxc8 Qxc8 11.Ng2 h6 12.Nfh4 Qh3 13.f3 Qe6 14.Nf5 Bd8 15.Bxh6 
gxh6 16.Nxh6+ Kg7 17.Nf5+ Kh8 18.f4 Nh7 19.fxe5 Nxe5 20.Nf4 Qb6 21.b3 Bg5 
22.Nh5 Be3+ 23.Kg2 Qg6 24.Qe2 Ng4 25.Nf4 Bxf4 26.Rxf4 Ne3+ 27.Nxe3 dxe3 
28.Qxe3 Rae8 29.Qxc5 b6 30.Qf2 Ng5 31.Rg4 f5 32.Rf4 Re5 33.g4 Qh7 34.Qg3 
Ne6 35.Rxf5 Rexf5 36.exf5 Nd4 37.Qe5+ Qg7 38.Qxg7+ Kxg7 39.c4 Kh6 40.Re1 
Kg5 41.Kg3 Nc6 42.h4+ Kf6 1-0

[Event "R1C2 CD Muret - Ramonville 1"]
[Site "?"]
[Date "2003.11.16"]
[Round "2.4"]
[White "Rizzo, Carlo"]
[Black "NN"]
[Result "0-1"]
[WhiteElo "1590"]
[BlackElo "1499"]
[EventDate "2003.??.??"]
[PlyCount "98"]

1.c4 e5 2.Nc3 c6 3.Qa4 d6 4.g3 Bd7 5.Qc2 g6 6.Bg2 Bg7 7.e4 Be6 8.d3 h6 9.
Nge2 Qa5 10.O-O Ne7 11.Bd2 Qd8 12.h3 Qd7 13.Kh2 Na6 14.a3 Nc7 15.f4 f5 16.
fxe5 dxe5 17.Rad1 g5 18.exf5 Bxf5 19.Ne4 O-O-O 20.Be3 a6 21.b4 Qe8 22.a4 
Qh5 23.Ng1 g4 24.h4 Ng6 25.Bf2 Ne8 26.Ne2 Bf8 27.b5 Ne7 28.Bb6 Rd7 29.Nc5 
Rd6 30.bxa6 bxa6 31.Ne4 Rd7 32.Qb2 Rb7 33.a5 Bg7 34.Qb4 Qg6 35.Nc5 Rb8 36.
Nxa6 Rb7 37.Nc5 Bf8 38.Nxb7 Kxb7 39.Bc5+ Kc8 40.a6 Nc7 41.Qb7+ Kd7 42.a7 
Qe8 43.Ra1 Qa8 44.Qxa8 Nxa8 45.Be4 Be6 46.Rfb1 Nc8 47.Rb8 Bxc5 48.Rxa8 Kc7
49.Rxc8+ Kxc8 0-1